[Event "Kvika Reykjavik Open 2022"]
[Site "Reykjavik, Iceland"]
[Date "2022.04.09"]
[Round "5.4"]
[White "Niemann, Hans Moke"]
[Black "Gretarsson, Hjorvar Steinn"]
[Result "1-0"]
[WhiteElo "2637"]
[BlackElo "2542"]
[PlyCount "73"]
[EventDate "2022.??.??"]

1. e4 {[%eval 33,0]} c5 {[%eval 32,0]} 2. Nf3 {[%eval 0,0]} e6 {[%eval 13,0]}
3. d4 {[%eval 42,0]} cxd4 {[%eval 38,0]} 4. Nxd4 {[%eval 13,0]} Nc6 $6 {
[%eval 42,0] Inaccuracy. a6 was best.} (4... a6 5. Nc3 Qc7 6. Bd3 Nc6 7. Nxc6
bxc6 8. Qg4 d6 9. O-O) 5. Nc3 {[%eval 33,0]} Qc7 {[%eval 41,0]} 6. Be2 {
[%eval 14,0]} a6 {[%eval 39,0]} 7. Nxc6 {[%eval 21,0]} bxc6 {[%eval 47,0]} 8.
Qd3 {[%eval 89,0]} d5 {[%eval 69,0]} 9. Qg3 {[%eval 75,0]} Qxg3 {[%eval 65,0]}
10. hxg3 {[%eval 64,0]} Nf6 {[%eval 6,0]} 11. g4 {[%eval 57,0]} Bb4 {[%eval 8,
0]} 12. Bd2 {[%eval 78,0]} O-O {[%eval 84,0]} 13. e5 $6 {[%eval 3,0]
Inaccuracy. f3 was best.} (13. f3 a5 14. g5 Nd7 15. O-O-O Ba6 16. Bxa6 Rxa6 17.
Rh3 f5 18. exd5 cxd5 19. Rdh1 Kf7) 13... Nd7 {[%eval 3,0]} 14. f4 {[%eval 12,0]
} f6 {[%eval 12,0]} 15. exf6 {[%eval 11,0]} Nxf6 {[%eval 49,0]} 16. g5 {
[%eval 36,0]} Nd7 {[%eval 38,0]} 17. O-O-O {[%eval 31,0]} e5 $6 {[%eval 94,0]
Inaccuracy. Bd6 was best.} (17... Bd6 18. Rh4 Rf7 19. Rdh1 g6 20. Bd3 Rg7 21.
Na4 e5 22. fxe5 Bxe5 23. c4 Bg3 24. R4h3) 18. Rh4 {[%eval 100,0]} Be7 {[%eval
99,0]} 19. Bd3 {[%eval 71,0]} h6 {[%eval 71,0]} 20. Rh2 {[%eval 117,0]} Nc5 {
[%eval 128,0]} 21. gxh6 {[%eval 115,0]} Nxd3+ $6 {[%eval 107,0] Inaccuracy.
exf4 was best.} (21... exf4 22. hxg7) 22. cxd3 {[%eval 91,0]} exf4 {[%eval 109,
0]} 23. hxg7 {[%eval 116,0]} Kxg7 {[%eval 133,0]} 24. Rdh1 {[%eval 101,0]} Bg5
{[%eval 82,0]} 25. Rh7+ {[%eval 107,0]} Kg6 {[%eval 114,0]} 26. Rc7 {[%eval
101,0]} Be6 $2 {[%eval 215,0] Mistake. Bf5 was best.} (26... Bf5) 27. Rxc6 {
[%eval 225,0]} Rf6 {[%eval 247,0]} 28. Re1 $6 {[%eval 107,0] Inaccuracy. Rf1
was best.} (28. Rf1 Bf5) 28... Bf7 {[%eval 221,0]} 29. Rxf6+ {[%eval 205,0]}
Bxf6 {[%eval 205,0]} 30. Ne2 {[%eval 229,0]} Rc8+ {[%eval 231,0]} 31. Kb1 {
[%eval 302,0]} Bh4 $6 {[%eval 412,0] Inaccuracy. f3 was best.} (31... f3 32.
gxf3) 32. Nxf4+ {[%eval 337,0]} Kf5 {[%eval 359,0]} 33. Rf1 {[%eval 374,0]} Kg4
$6 {[%eval 513,0] Inaccuracy. Ke5 was best.} (33... Ke5 34. Ne2) 34. Ne2 {
[%eval 525,0]} Bg8 {[%eval 525,0]} 35. Rf4+ {[%eval 576,0]} Kh5 {[%eval 546,0]}
36. Ra4 {[%eval 504,0]} Bh7 {[%eval 532,0]} 37. Nf4+ {[%eval 537,0]} 1-0

[Event "Kvika Reykjavik Open 2022"]
[Site "Reykjavik, Iceland"]
[Date "2022.04.09"]
[Round "5.5"]
[White "Clarke, Brandon G I"]
[Black "Adhiban, B..."]
[Result "1/2-1/2"]
[WhiteElo "2436"]
[BlackElo "2633"]
[PlyCount "67"]
[EventDate "2022.??.??"]

1. e4 {[%eval 33,0]} c6 {[%eval 56,0]} 2. d4 {[%eval 35,0]} d5 {[%eval 49,0]}
3. e5 {[%eval 28,0]} c5 {[%eval 0,0]} 4. dxc5 {[%eval 44,0]} e6 {[%eval 31,0]}
5. a3 {[%eval 25,0]} Bxc5 {[%eval 33,0]} 6. Nf3 {[%eval 11,0]} a6 {[%eval 57,0]
} 7. Bd3 {[%eval 52,0]} Nc6 {[%eval 48,0]} 8. O-O {[%eval 81,0]} Nge7 {[%eval
32,0]} 9. b4 {[%eval 28,0]} Ba7 {[%eval 38,0]} 10. Bb2 {[%eval 28,0]} Ng6 {
[%eval 3,0]} 11. g3 {[%eval 12,0]} O-O {[%eval 2,0]} 12. Nbd2 {[%eval 8,0]} b5
{[%eval 11,0]} 13. Nb3 {[%eval 29,0]} f6 {[%eval 0,0]} 14. exf6 {[%eval 1,0]}
gxf6 {[%eval 0,0]} 15. Nbd4 $6 {[%eval -100,0] Inaccuracy. a4 was best.} (15.
a4 bxa4 16. Rxa4 e5 17. Nfd2 Bh3 18. Qh5 Bxf1 19. Bxg6 Qc7 20. Kxf1 hxg6 21.
Qxg6+ Qg7) 15... Nce7 {[%eval 83,0]} 16. Be2 {[%eval -77,0]} e5 {[%eval -89,0]}
17. Nb3 {[%eval -82,0]} Bh3 {[%eval -74,0]} 18. Re1 {[%eval -56,0]} Rc8 $6 {
[%eval 57,0] Inaccuracy. Qd7 was best.} (18... Qd7) 19. Qd2 $6 {[%eval -46,0]
Inaccuracy. a4 was best.} (19. a4 bxa4 20. Rxa4 Qb6 21. Nfd4 Rc4 22. Bxc4 dxc4
23. Nc5 exd4 24. Qxd4 Qb5 25. Ra5 Bxc5) 19... Qd7 {[%eval -69,0]} 20. Bd1 $6 {
[%eval -167,0] Inaccuracy. a4 was best.} (20. a4) 20... Bg4 {[%eval -194,0]}
21. Kg2 $6 {[%eval -292,0] Inaccuracy. a4 was best.} (21. a4 Qf5) 21... Qf5 {
[%eval -266,0]} 22. c3 {[%eval -383,0]} Kh8 {[%eval -207,0]} 23. Ng1 {[%eval
-338,0]} Nh4+ {[%eval -333,0]} 24. Kh1 {[%eval -372,0]} Nf3 $6 {[%eval -127,0]
Inaccuracy. Bxd1 was best.} (24... Bxd1 25. Raxd1) 25. Nxf3 {[%eval -133,0]}
Bxf3+ {[%eval -126,0]} 26. Bxf3 $6 {[%eval -392,0] Inaccuracy. Kg1 was best.} (
26. Kg1 Bxd1 27. Raxd1 Rc4 28. Nc5 Rg8 29. Qe2 Bxc5 30. bxc5 Re4 31. Qd2 Rh4
32. f4 exf4) 26... Qxf3+ {[%eval -399,0]} 27. Kg1 {[%eval -211,0]} Rg8 $6 {
[%eval -129,0] Inaccuracy. Nf5 was best.} (27... Nf5 28. Nc5 Rg8 29. Qe2 Nh4
30. Qf1 Qh5 31. Re3 Nf3+ 32. Kg2 e4 33. h3 Qf5 34. Qe2) 28. Nd4 {[%eval -277,0]
} Bxd4 {[%eval -111,0]} 29. cxd4 {[%eval -111,0]} Ng6 {[%eval -288,0]} 30. Re3
{[%eval -298,0]} Nh4 {[%eval -254,0]} 31. Kf1 {[%eval -259,0]} Qg2+ $2 {
[%eval -193,0] Mistake. Qf5 was best.} (31... Qf5 32. Rc3) 32. Ke2 {[%eval
-199,0]} Nf5 {[%eval -7,0]} 33. Rf3 $4 {[%eval -771,0] Blunder. dxe5 was best.}
(33. dxe5 d4 34. Rf3 Rge8 35. Rxf5 Qe4+ 36. Kf1 Rc2 37. Rf4 Qh1+ 38. Ke2 Qc6
39. Rxd4 fxe5) 33... exd4 $6 {[%eval -308,0] Inaccuracy. Rg4 was best.} (33...
Rg4 34. Rc1 Re4+ 35. Re3 Rxc1 36. Qxc1 Nxe3 37. Qxe3 Rxe3+ 38. Kxe3 Qe4+ 39.
Kd2 Qb1 40. Bc1) 34. Rf4 {[%eval -404,0]} 1/2-1/2

[Event "Kvika Reykjavik Open 2022"]
[Site "Reykjavik, Iceland"]
[Date "2022.04.09"]
[Round "5.6"]
[White "Sadhwani, Raunak"]
[Black "Williams, Simon K"]
[Result "0-1"]
[WhiteElo "2628"]
[BlackElo "2464"]
[PlyCount "68"]
[EventDate "2022.??.??"]

1. d4 {[%eval 3,0]} e6 {[%eval 2,0]} 2. c4 {[%eval 26,0]} f5 {[%eval 62,0]} 3.
g3 {[%eval 66,0]} Nf6 {[%eval 78,0]} 4. Bg2 {[%eval 52,0]} d5 {[%eval 76,0]} 5.
Nf3 {[%eval 52,0]} c6 {[%eval 57,0]} 6. O-O {[%eval 5,0]} Bd6 {[%eval 52,0]} 7.
b3 {[%eval 5,0]} Qe7 {[%eval 44,0]} 8. a4 {[%eval 34,0]} a5 {[%eval 45,0]} 9.
Ba3 {[%eval 39,0]} Bxa3 {[%eval 44,0]} 10. Nxa3 {[%eval 46,0]} O-O {[%eval 34,
0]} 11. Nc2 {[%eval 3,0]} Nbd7 {[%eval 58,0]} 12. Nce1 {[%eval 44,0]} b6 {
[%eval 72,0]} 13. Nd3 {[%eval 76,0]} Bb7 {[%eval 83,0]} 14. Rc1 {[%eval 92,0]}
c5 {[%eval 101,0]} 15. e3 {[%eval 59,0]} Rac8 {[%eval 58,0]} 16. Re1 {[%eval
43,0]} Ne4 {[%eval 33,0]} 17. h4 {[%eval 63,0]} Rfd8 {[%eval 45,0]} 18. Qe2 {
[%eval 9,0]} Ndf6 {[%eval 45,0]} 19. Nde5 {[%eval 9,0]} Rc7 {[%eval 3,0]} 20.
Qb2 {[%eval 25,0]} Qe8 {[%eval 37,0]} 21. Rc2 {[%eval 8,0]} h6 {[%eval 7,0]}
22. Rec1 {[%eval 22,0]} g5 {[%eval 15,0]} 23. cxd5 {[%eval 18,0]} Bxd5 {
[%eval 53,0]} 24. Nc4 {[%eval 9,0]} cxd4 {[%eval 1,0]} 25. exd4 {[%eval 7,0]}
Rb7 $6 {[%eval 7,0] Inaccuracy. f4 was best.} (25... f4 26. hxg5 hxg5 27. Nxb6
fxg3 28. fxg3 Rh7 29. Nxd5 exd5 30. Ne5 Qh5 31. Bxe4 dxe4 32. Rh2) 26. Nce5 {
[%eval 63,0]} f4 {[%eval 44,0]} 27. g4 {[%eval 44,0]} h5 $6 {[%eval 117,0]
Inaccuracy. b5 was best.} (27... b5 28. axb5) 28. Nxg5 {[%eval 84,0]} hxg4 $6 {
[%eval 144,0] Inaccuracy. Nxg5 was best.} (28... Nxg5 29. hxg5 Nxg4 30. Bxd5
exd5 31. Re2 Rg7 32. Nxg4 Qg6 33. Re5 hxg4 34. Qe2 f3 35. Qb5) 29. Rc7 {
[%eval 149,0]} f3 $6 {[%eval 231,0] Inaccuracy. Qh5 was best.} (29... Qh5 30.
Rxb7) 30. Ngf7 $2 {[%eval 100,0] Mistake. Rxb7 was best.} (30. Rxb7 Bxb7) 30...
fxg2 $2 {[%eval 264,0] Mistake. Nd7 was best.} (30... Nd7) 31. Nxd8 $4 {
[%eval -578,0] Blunder. Rxb7 was best.} (31. Rxb7) 31... Rxc7 {[%eval -316,0]}
32. Rxc7 {[%eval -445,0]} Ng5 {[%eval -555,0]} 33. f3 {[%eval -761,0]} gxf3 {
[%eval -985,0]} 34. hxg5 {[%eval -2628,0]} Qh5 {[%eval -32747,0]} 0-1

[Event "Kvika Reykjavik Open 2022"]
[Site "Reykjavik, Iceland"]
[Date "2022.04.09"]
[Round "5.7"]
[White "Gupta, Abhijeet"]
[Black "Sukandar, Irine Kharisma"]
[Result "1/2-1/2"]
[WhiteElo "2616"]
[BlackElo "2386"]
[PlyCount "108"]
[EventDate "2022.??.??"]

1. d4 {[%eval 3,0]} Nf6 {[%eval 23,0]} 2. c4 {[%eval 2,0]} e6 {[%eval 23,0]} 3.
g3 {[%eval 3,0]} d5 {[%eval 9,0]} 4. Bg2 {[%eval 2,0]} Be7 {[%eval 26,0]} 5.
Nf3 {[%eval 22,0]} O-O {[%eval 31,0]} 6. Nc3 {[%eval 2,0]} dxc4 {[%eval 23,0]}
7. Ne5 {[%eval 2,0]} Nc6 {[%eval 46,0]} 8. Bxc6 {[%eval 37,0]} bxc6 {[%eval 23,
0]} 9. Nxc6 {[%eval 35,0]} Qe8 {[%eval 39,0]} 10. Nxe7+ {[%eval 24,0]} Qxe7 {
[%eval 29,0]} 11. Qa4 {[%eval 36,0]} c5 {[%eval 26,0]} 12. dxc5 {[%eval 36,0]}
Qxc5 {[%eval 2,0]} 13. Be3 {[%eval 36,0]} Qc7 {[%eval 5,0]} 14. f3 {[%eval 42,
0]} Bb7 {[%eval 43,0]} 15. O-O-O {[%eval 29,0]} Nd5 {[%eval 25,0]} 16. Bd4 {
[%eval 38,0]} a5 {[%eval 54,0]} 17. Nxd5 {[%eval 16,0]} Bxd5 {[%eval 51,0]} 18.
Bc3 {[%eval 95,0]} Qc5 {[%eval 5,0]} 19. Rd2 {[%eval 105,0]} Bc6 {[%eval 115,0]
} 20. Qc2 $6 {[%eval 39,0] Inaccuracy. Qd1 was best.} (20. Qd1) 20... Rfd8 {
[%eval 49,0]} 21. Kb1 {[%eval 65,0]} Rd5 {[%eval 44,0]} 22. Rxd5 {[%eval 29,0]}
exd5 {[%eval 4,0]} 23. Qd2 {[%eval 42,0]} Re8 {[%eval 44,0]} 24. Bd4 {[%eval
23,0]} Qb4 {[%eval 38,0]} 25. Qg5 {[%eval 39,0]} f6 {[%eval 41,0]} 26. Bxf6 {
[%eval 5,0]} Qf8 {[%eval 16,0]} 27. Be5 {[%eval 22,0]} h6 {[%eval 0,0]} 28. Qf4
{[%eval 11,0]} Qe7 {[%eval 0,0]} 29. Bc3 {[%eval 3,0]} Qxe2 {[%eval 17,0]} 30.
Qd4 {[%eval 19,0]} Qd3+ {[%eval 18,0]} 31. Qxd3 {[%eval 4,0]} cxd3 {[%eval 4,0]
} 32. Bxa5 {[%eval 11,0]} d4 {[%eval 16,0]} 33. Re1 {[%eval 0,0]} Ra8 {[%eval
44,0]} 34. Bd2 {[%eval 37,0]} Bxf3 {[%eval 22,0]} 35. b3 {[%eval 2,0]} Kh7 {
[%eval 37,0]} 36. Rf1 {[%eval 37,0]} Be2 {[%eval 45,0]} 37. Rc1 {[%eval 37,0]}
Kg6 {[%eval 55,0]} 38. a4 {[%eval 49,0]} Kf5 $6 {[%eval 115,0] Inaccuracy. Rf8
was best.} (38... Rf8 39. Rc4 Bd1 40. Rxd4 Rc8 41. Rb4 Rc2 42. Be3 Kf5 43. a5
g5 44. Rd4 Re2 45. Kc1) 39. a5 {[%eval 137,0]} Ke4 {[%eval 144,0]} 40. b4 {
[%eval 145,0]} Bg4 {[%eval 141,0]} 41. b5 {[%eval 165,0]} Rc8 {[%eval 133,0]}
42. Re1+ {[%eval 183,0]} Kf3 $2 {[%eval 315,0] Mistake. Kd5 was best.} (42...
Kd5 43. b6) 43. Re5 $4 {[%eval 32,0] Blunder. a6 was best.} (43. a6) 43... Rc2
{[%eval 23,0]} 44. a6 {[%eval 99,0]} Bc8 {[%eval 101,0]} 45. Re8 $6 {[%eval 0,
0] Inaccuracy. Bb4 was best.} (45. Bb4) 45... Rxd2 {[%eval 0,0]} 46. Rxc8 {
[%eval 0,0]} Rd1+ {[%eval 0,0]} 47. Kb2 {[%eval 0,0]} Ra1 {[%eval 0,0]} 48.
Rf8+ {[%eval 0,0]} Ke2 {[%eval 0,0]} 49. Re8+ {[%eval 0,0]} Kf3 {[%eval 0,0]}
50. Rf8+ {[%eval 0,0]} Ke2 {[%eval 0,0]} 51. Rf4 $4 {[%eval -39,0] Blunder.
Re8+ was best.} (51. Re8+ Kf3) 51... Ra4 $4 {[%eval 0,0] Blunder. Ra5 was best.
} (51... Ra5 52. Re4+) 52. Re4+ {[%eval 0,0]} Kf3 {[%eval 0,0]} 53. Re8 {
[%eval 0,0]} Ra1 {[%eval 0,0]} 54. Rf8+ {[%eval 0,0]} Ke2 {[%eval 0,0]} 1/2-1/2

[Event "Kvika Reykjavik Open 2022"]
[Site "Reykjavik, Iceland"]
[Date "2022.04.09"]
[Round "5.8"]
[White "Martin, Julian"]
[Black "Warmerdam, Max"]
[Result "0-1"]
[WhiteElo "2385"]
[BlackElo "2599"]
[PlyCount "76"]
[EventDate "2022.??.??"]

1. e4 {[%eval 33,0]} c5 {[%eval 32,0]} 2. Nf3 {[%eval 0,0]} d6 {[%eval 0,0]} 3.
d4 {[%eval 15,0]} cxd4 {[%eval 13,0]} 4. Nxd4 {[%eval 29,0]} Nf6 {[%eval 31,0]}
5. Nc3 {[%eval 18,0]} Nc6 {[%eval 47,0]} 6. g3 {[%eval 13,0]} g6 {[%eval 0,0]}
7. Nde2 {[%eval 48,0]} Bg7 {[%eval 8,0]} 8. Bg2 {[%eval 1,0]} Bd7 {[%eval 0,0]}
9. O-O {[%eval 2,0]} Qc8 {[%eval 2,0]} 10. Nd5 {[%eval 0,0]} h5 {[%eval 12,0]}
11. h4 {[%eval 12,0]} Nxd5 {[%eval 37,0]} 12. exd5 {[%eval 25,0]} Ne5 {[%eval
27,0]} 13. c3 {[%eval 3,0]} O-O {[%eval 5,0]} 14. Bg5 {[%eval 32,0]} Bg4 {
[%eval 5,0]} 15. f3 {[%eval 71,0]} Bh3 {[%eval 7,0]} 16. b3 {[%eval 58,0]} Qc5+
{[%eval 21,0]} 17. Kh2 {[%eval 18,0]} Bf5 {[%eval 14,0]} 18. Qd2 {[%eval 12,0]}
Rfe8 {[%eval 26,0]} 19. Rad1 {[%eval 22,0]} b5 {[%eval 17,0]} 20. Be3 {[%eval
1,0]} Qc7 {[%eval 11,0]} 21. Nd4 {[%eval 19,0]} Bd7 {[%eval 0,0]} 22. Bg1 {
[%eval 35,0]} a5 {[%eval 65,0]} 23. Kh1 {[%eval 52,0]} f5 $6 {[%eval 12,0]
Inaccuracy. Qc8 was best.} (23... Qc8 24. Be3 a4 25. Bg5 Qc5 26. Be3 Qc7 27.
Rc1 Qc8 28. Bg5 axb3 29. axb3 Ra3 30. Ra1) 24. f4 {[%eval 5,0]} Ng4 {[%eval 0,
0]} 25. Rfe1 {[%eval 4,0]} Bf6 $6 {[%eval 48,0] Inaccuracy. a4 was best.} (
25... a4 26. Bf3 axb3 27. axb3 Qb7 28. Kg2 Ra6 29. Ra1 Bf6 30. b4 Rea8 31. Rxa6
Qxa6 32. Nc6) 26. Rc1 {[%eval 21,0]} a4 {[%eval 1,0]} 27. c4 {[%eval 36,0]}
bxc4 $2 {[%eval 102,0] Mistake. axb3 was best.} (27... axb3) 28. Rxc4 {[%eval
44,0]} Qb7 {[%eval 14,0]} 29. b4 {[%eval 3,0]} a3 {[%eval 76,0]} 30. Rec1 $6 {
[%eval 0,0] Inaccuracy. Nc6 was best.} (30. Nc6 Kh7) 30... Rac8 $6 {[%eval 7,0]
Inaccuracy. Bxd4 was best.} (30... Bxd4 31. Rc7 Qb5 32. Bf1 Bc3 33. Qxc3 Qxd5+
34. Bg2 Be6 35. Rc2 Qb5 36. Bxa8 Rxa8 37. Rxe7) 31. Rxc8 {[%eval 105,0]} (31.
Rc6 Rc7 32. Rxc7 Rc8) 31... Rxc8 {[%eval 46,0]} 32. Rxc8+ {[%eval 0,0]} Qxc8 {
[%eval 0,0]} 33. Nc6 {[%eval 0,0]} Qa6 {[%eval 0,0]} 34. Qc2 {[%eval 35,0]} Kh7
{[%eval -96,0]} 35. Nb8 $2 {[%eval -166,0] Mistake. Qb3 was best.} (35. Qb3 Qe2
36. Qxa3 Qe1 37. Qf3 e5 38. Bf1 e4 39. Qg2 Be8 40. b5 Bf7 41. Bc4 e3) 35... Qa4
{[%eval -197,0]} 36. Qe2 $2 {[%eval -346,0] Mistake. Qxa4 was best.} (36. Qxa4
Bxa4) 36... Qb5 {[%eval -354,0]} 37. Qxb5 {[%eval -363,0]} Bxb5 {[%eval -349,0]
} 38. Nc6 {[%eval -346,0]} Bc4 {[%eval -346,0]} 0-1

[Event "Kvika Reykjavik Open 2022"]
[Site "Reykjavik, Iceland"]
[Date "2022.04.09"]
[Round "5.9"]
[White "Andersen, Mads"]
[Black "Soham, Das"]
[Result "1-0"]
[WhiteElo "2582"]
[BlackElo "2303"]
[PlyCount "77"]
[EventDate "2022.??.??"]

1. e4 {[%eval 33,0]} c5 {[%eval 32,0]} 2. c3 {[%eval 0,0]} g6 $6 {[%eval 58,0]
Inaccuracy. Nf6 was best.} (2... Nf6 3. e5 Nd5 4. Bc4 Nb6 5. Bb3 d6 6. exd6
Qxd6 7. d4) 3. d4 {[%eval 58,0]} cxd4 {[%eval 52,0]} 4. cxd4 {[%eval 8,0]} d5 {
[%eval 76,0]} 5. e5 {[%eval 55,0]} Bg7 {[%eval 67,0]} 6. Nf3 {[%eval 74,0]} Nc6
{[%eval 77,0]} 7. Bb5 {[%eval 71,0]} Nh6 {[%eval 142,0]} 8. O-O {[%eval 109,0]}
O-O {[%eval 113,0]} 9. h3 {[%eval 108,0]} f6 {[%eval 122,0]} 10. Nc3 {[%eval
94,0]} Nf5 $6 {[%eval 173,0] Inaccuracy. g5 was best.} (10... g5 11. exf6 exf6
12. Re1 Kh8 13. Ne2 Nf5 14. Bd2 Nd6 15. Bxc6 bxc6 16. Rc1 Bd7 17. Bb4) 11. Re1
{[%eval 192,0]} fxe5 {[%eval 231,0]} 12. dxe5 {[%eval 195,0]} e6 {[%eval 214,0]
} 13. Bxc6 {[%eval 238,0]} bxc6 {[%eval 225,0]} 14. Na4 $6 {[%eval 102,0]
Inaccuracy. Bg5 was best.} (14. Bg5 Qc7) 14... Nh4 {[%eval 101,0]} 15. Nd4 {
[%eval 76,0]} Nf5 $4 {[%eval 251,0] Blunder. Qe7 was best.} (15... Qe7 16. b4
a5 17. Nb6 Ra6 18. Nxc8 Rxc8 19. Qe2 Raa8 20. b5 cxb5 21. Nxb5 Nf5 22. Ba3) 16.
b3 {[%eval 203,0]} Qe7 {[%eval 283,0]} 17. Nf3 $6 {[%eval 168,0] Inaccuracy.
Bb2 was best.} (17. Bb2) 17... Nh4 {[%eval 184,0]} 18. Nxh4 {[%eval 184,0]}
Qxh4 {[%eval 176,0]} 19. Qc2 {[%eval 178,0]} Rf5 {[%eval 177,0]} 20. Bb2 {
[%eval 182,0]} Bd7 {[%eval 224,0]} 21. Nc5 {[%eval 228,0]} Qe7 {[%eval 237,0]}
22. Bd4 {[%eval 236,0]} Be8 {[%eval 218,0]} 23. b4 {[%eval 235,0]} a5 $2 {
[%eval 386,0] Mistake. h5 was best.} (23... h5 24. Re3) 24. bxa5 {[%eval 402,0]
} Rxa5 $6 {[%eval 573,0] Inaccuracy. Bf8 was best.} (24... Bf8 25. Rec1) 25.
Qc3 {[%eval 569,0]} Ra8 {[%eval 541,0]} 26. a4 {[%eval 521,0]} g5 {[%eval 637,
0]} 27. Rab1 {[%eval 498,0]} Bg6 {[%eval 586,0]} 28. Rb7 {[%eval 602,0]} Qe8 {
[%eval 573,0]} 29. a5 {[%eval 569,0]} Rf7 {[%eval 628,0]} 30. a6 {[%eval 613,0]
} Bf8 {[%eval 627,0]} 31. Rxf7 {[%eval 604,0]} Kxf7 {[%eval 638,0]} 32. Ra1 {
[%eval 663,0]} Be7 {[%eval 751,0]} 33. Qf3+ {[%eval 746,0]} Kg8 {[%eval 741,0]}
34. Nxe6 {[%eval 743,0]} Be4 {[%eval 799,0]} 35. Qg3 {[%eval 821,0]} Qc8 {
[%eval 794,0]} 36. Nc5 {[%eval 797,0]} Bg6 {[%eval 928,0]} 37. e6 {[%eval 864,
0]} Bxc5 {[%eval 899,0]} 38. Bxc5 {[%eval 916,0]} Qxe6 {[%eval 916,0]} 39. a7 {
[%eval 944,0]} 1-0

[Event "Kvika Reykjavik Open 2022"]
[Site "Reykjavik, Iceland"]
[Date "2022.04.09"]
[Round "5.11"]
[White "Peng, Li Min"]
[Black "De Wachter, Matthias"]
[Result "1/2-1/2"]
[WhiteElo "2517"]
[BlackElo "2295"]
[PlyCount "55"]
[EventDate "2022.??.??"]

1. e4 {[%eval 33,0]} e5 {[%eval 12,0]} 2. Nc3 {[%eval 13,0]} Nf6 {[%eval 13,0]}
3. Bc4 {[%eval 0,0]} Nxe4 {[%eval 17,0]} 4. Qh5 {[%eval 27,0]} Nd6 {[%eval 23,
0]} 5. Bb3 {[%eval 0,0]} Be7 {[%eval 0,0]} 6. f4 $6 {[%eval 58,0] Inaccuracy.
Qxe5 was best.} (6. Qxe5 O-O 7. Nf3 Nc6 8. Qf4 Na5 9. O-O Nxb3 10. axb3 Re8)
6... exf4 {[%eval 13,0]} 7. d4 {[%eval 39,0]} O-O {[%eval 5,0]} 8. Bxf4 $6 {
[%eval 76,0] Inaccuracy. Nf3 was best.} (8. Nf3 Ne8 9. Ne5 g6 10. Qf3 Nc6 11.
Qxf4 Nxe5 12. dxe5 d6) 8... Ne8 {[%eval 86,0]} 9. O-O-O {[%eval -98,0]} Nf6 $6
{[%eval 5,0] Inaccuracy. c6 was best.} (9... c6) 10. Qf3 {[%eval 38,0]} d6 {
[%eval 32,0]} 11. h3 {[%eval 35,0]} c6 {[%eval 33,0]} 12. g4 {[%eval 64,0]} d5
{[%eval 58,0]} 13. g5 {[%eval 65,0]} Ne8 {[%eval 43,0]} 14. h4 {[%eval 5,0]}
Be6 {[%eval 18,0]} 15. Nge2 {[%eval 25,0]} b5 {[%eval 29,0]} 16. Rdg1 {[%eval
13,0]} Nd7 {[%eval 31,0]} 17. h5 {[%eval 15,0]} a5 {[%eval 4,0]} 18. a4 {
[%eval 18,0]} b4 {[%eval 16,0]} 19. Nd1 {[%eval 29,0]} c5 {[%eval 48,0]} 20.
Ne3 {[%eval 75,0]} c4 {[%eval 39,0]} 21. Ba2 {[%eval 0,0]} Nb6 {[%eval 7,0]}
22. Bb1 {[%eval 6,0]} c3 {[%eval 19,0]} 23. b3 {[%eval 98,0]} Ra7 $6 {[%eval
16,0] Inaccuracy. Nd6 was best.} (23... Nd6) 24. Kd1 $2 {[%eval -67,0] Mistake.
g6 was best.} (24. g6 fxg6) 24... Bd6 {[%eval -145,0]} 25. Qg3 {[%eval -123,0]}
Qb8 $6 {[%eval -34,0] Inaccuracy. Re7 was best.} (25... Re7) 26. Qh4 $6 {
[%eval -138,0] Inaccuracy. Rf1 was best.} (26. Rf1 Re7) 26... Qd8 $6 {[%eval
-34,0] Inaccuracy. f6 was best.} (26... f6) 27. Qh2 $2 {[%eval -279,0] Mistake.
Ng2 was best.} (27. Ng2 Bxf4) 27... Qe7 $2 {[%eval -52,0] Mistake. Re7 was
best.} (27... Re7) 28. Qf2 $6 {[%eval -141,0] Inaccuracy. Kc1 was best.} (28.
Kc1 f5) 1/2-1/2